000 00747nam a2200253Ia 4500
003 OSt
005 20220928113549.0
006 a|||||r|||| 00| 0
007 ta
008 220927b |||||||| |||| 00| 0 eng d
024 _a65930
037 _cTextual
040 _aSDCL
_cSDCL
_beng
041 _2eng
_aeng
082 _aX62.73'P, P4
100 _aRajshekar N Ed.
_9433829
245 0 _aBanking crises in the America
_b Experiences and lessons
260 _aHyderabad
_bICFAI University Press
_c2004
300 _avii,194p.Bibchapterwise
_ccm.
650 _aBanks
_9433830
700 _a Subbulakshmi V Ed.
_9433831
942 _hX62.73'P, P4
_cTEXL
_2CC
999 _c750238
_d750238